000 00633nam a2200205Ii 4500
003 JO-AjNU
008 230605s9999||||xx |||||||||||||| ||und||
040 _aJO-AjNU
_bara
_erda
_cJO-AjNU
041 _aara
050 1 4 _aHC41515.M8334.1987
100 3 _aصابر،محيي الدين,
_eauthor
_918605
245 0 0 _aمن قضايا التنمية في المجتمع العربي
250 _aط2
264 3 1 _aبيروت:المكتبة العصرية،1987
300 _a235ص
336 _atext
_btxt
_2rdacontent
337 _aunmediated
_bn
_2rdamedia
338 _avolume
_bnc
_2rdacarrier
650 4 _aالتنمية
_918606
999 _aA5982
_c9550
_d9550